1000 ejercicios y juegos de natación y actividades acuáticas: natación, buceo, natación sincronizada, salvamento, waterpolo, saltos.

Uloženo v:
Podrobná bibliografie
Hlavní autor: Bucher, Walter
Médium: Kniha
Jazyk:španělština
Vydáno: Barcelona, España Hispano Europea S. A 2014
Edice:Colección Herakles
Témata:
Tagy: Přidat tag
Žádné tagy, Buďte první, kdo vytvoří štítek k tomuto záznamu!

MARC

LEADER 00000cam a2200000 a 4500
001 UCD0775
003 CL-VaPUC
005 20211120074352.0
008 151218e20140000sp |||||||||||||||||spa|d
999 |c 362228  |d 362226 
020 |a 9788425510649 
040 |c Pontificia Universidad Católica de Valparaíso 
082 0 4 |a 797.21 BUC 2014  |2 21 
100 0 |a Bucher, Walter  |9 583796 
245 1 0 |a 1000 ejercicios y juegos de natación y actividades acuáticas: natación, buceo, natación sincronizada, salvamento, waterpolo, saltos. 
260 0 3 |a Barcelona, España  |b Hispano Europea S. A  |c 2014 
300 |a 208 páginas 
490 0 |a Colección Herakles 
583 |a last modification  |c 20151218 14:15:00  |k Rodrigo Vera 
650 7 |a DEPORTES ACUATICOS  |2 CL-VaPUC  |9 262007 
650 0 |a Natación  |9 307454 
650 7 |a ENTRENAMIENTO ATLETICO  |2 CL-VaPUC  |9 583797 
942 |c BK  |2 ddc 
945 |d 20151218 14:15:00  |a dcastane 
952 |0 0  |1 0  |2 ddc  |3 erb  |4 0  |6 797_210000000000000_BUC_2014  |7 0  |8 A  |9 473222  |a BIBEDU  |b BIBEDU  |i 5257271  |l 1  |o 797.21 BUC 2014  |p 5257271  |r 2024-04-29  |s 2024-04-22  |t 1  |w 2019-11-24  |y BK  |z Catalogado en:20151218  |k EFI